000 02358nam a2200397 c 4500
003 BLK
005 20221015113344.0
008 180408b bul|||||r ||||||| ||bul||
010 _aKNG00054131000
020 _a954-649-688-Х
_bиздат.: Сиела Софт енд Паблишинг
040 _aBLK
041 _aBUL
_cBUL
080 _aГражданско съдопроизводство. Граждански процес. - Видове гражданско съдопроизводство:арбитражна, опростени процедури за по-дребни случаи, формалности при съдебна процедура, разследване, доказване
_b347.91/.95
_x(497.2)(075.8)
_z347.91/.95(497.2)(075.8)
100 1 _aСталев, Живко Стоянов
_eпърви автор
_9366570
700 1 _aМингова, Анелия Йорданова
_9368451
700 1 _aПопова, Валентина Методиева
_9368452
700 1 _aИванова, Ружа Денева
_9283101
139 _aБългарско гражданско процесуално право
_bБ 92
245 1 0 _aБългарско гражданско процесуално право
_cЖивко Стоянов Сталев; * Анелия Йорданова Мингова; * Валентина Методиева Попова; * Ружа Денева Иванова.
250 _a8. доп. и прераб. изд.
257 _aBGR
260 София
_bСиела Софт енд Паблишинг
_c2004
300 _a1104 с.
_c24 см
380 _a3
500 _a1. изд. 1966 на изд. Наука и изкуство. - В кн. означено 8. доп. и прераб. изд. - Библиогр. с. 1035-1062 ; Предм. показалец, Показалец на нормат. актове. - Офс. изд. - Доп. тир. 2006.
650 4 _aГраждански процес - България - учебници за ВУЗ
_9248693
653 _aграждански процес
653 _aгражданско право
653 _aБългария
653 _aучебници за ВУЗ
852 _aЦб 223947
856 4 _qpdf
_u
856 4 _qpdf
_u
942 _cKNG
_n0
_03
944 _aCR
_c01.06.2005
_kНаталия_Медовщикова
944 _aED
_c18.01.2013
_k
999 _c50260
_d50260